000 00600cam a2200181 4500
008 081223n 000 0 eng u
020 _a0761985069
035 _a(Sirsi) a163298
040 _aCIP
050 _aPN 4781 LAN 1999
100 _aLanson, Jerry.
245 _aNews in a new century:
_bReporting in an age of converging media/
_cJerry Lanson and Barbara Croll Fought.
260 _aUSA:
_bLibrary of Congress,
_c1999.
300 _axxv, 339p.:
_bill.
504 _aIncludes bibliographical references and index
650 _aReporters and reporting.
700 _aFought, Barbara Croll
999 _c111044
_d111044